Diccionario pocket español /
Guardado en:
| Formato: | Libro |
|---|---|
| Publicado: |
Buenos Aires :
Grijalbo
|
| Materias: | |
| Etiquetas: |
Agregar Etiqueta
Sin Etiquetas, Sea el primero en etiquetar este registro!
|
| LEADER | 00745nam a22002175a 4500 | ||
|---|---|---|---|
| 001 | CEM.cems011585 | ||
| 005 | 20071025153149.0 | ||
| 008 | 130507b######################000#0#####d | ||
| 003 | CEMS | ||
| 020 | |a 9502803191 | ||
| 082 | 0 | 4 | |a 469.3 |
| 245 | 0 | 0 | |a Diccionario pocket español / |c Portugués, Portugués / |
| 260 | |a Buenos Aires : |b Grijalbo | ||
| 300 | |a 448 p. | ||
| 653 | |a Diccionarios | ||
| 653 | |a Portugues-diccionarios | ||
| 653 | |a Diccionarios bilingües | ||
| 859 | |a CEMS |b BIB. CEMS - 11 de abril |h 469.3 |i C691 |p 22543.04 |t Ej.1 | ||
| 859 | |a CEMS |b BIB. CEMS - 11 de abril |h 469.3 |i C691 |p 22544.04 |t Ej.2 | ||
| 859 | |a CEMS |b BIB. CEMS - 11 de abril |h 469.3 |i C691 |p 22597.04 |t Ej.3 | ||
| 859 | |a CEMS |b BIB. CEMS - 11 de abril |h 469.3 |i C691 |p 27323.16 |t Ej.4 | ||
